Statistics for Fortnite: Battle Royale - Chapter 2 Battle Pass

Click here to take the quiz!

General Stats

  • This quiz has been taken 22 times
    (21 since last reset)
  • The average score is 13 of 32

Answer Stats

SeasonTier / LevelSkin% Correct
Chapter 2: Season 2100Midas
94%
Chapter 2: Season 220Brutus
83%
Chapter 2: Season 2Mystery SkinDeadpool
61%
Chapter 2: Season 340Jules
61%
Chapter 2: Season 280Skye
61%
Chapter 2: Season 240TNTina
61%
Chapter 2: Season 3Mystery SkinAquaman
56%
Chapter 2: Season 21Gear Specialist Maya
56%
Chapter 2: Season 360Kit
50%
Chapter 2: Season 31Ocean
50%
Chapter 2: Season 31Fade
44%
Chapter 2: Season 260Meowscles
44%
Chapter 2: Season 140Remedy
44%
Chapter 2: Season 1608-Ball
39%
Chapter 2: Season 1100Fusion
39%
Chapter 2: Season 120Rippley
39%
Chapter 2: Season 140Toxin
39%
Chapter 2: Season 21Agent Peely
33%
Chapter 2: Season 180Chic
33%
Chapter 2: Season 3100Eternal Knight
33%
Chapter 2: Season 11Journey
33%
Chapter 2: Season 11Riptide
33%
Chapter 2: Season 320Scuba Jonesy
33%
Chapter 2: Season 380Siona
33%
Chapter 2: Season 120Sludge
33%
Chapter 2: Season 11Turk
33%
Chapter 2: Season 11Hazard
28%
Chapter 2: Season 160Scratch
28%
Chapter 2: Season 180Cameo
22%
Chapter 2: Season 1Mystery SkinSorana
22%
Chapter 2: Season 1100Vex
6%
Chapter 2: Season 1100Xev
6%

Score Distribution

Percentile by Number Answered

Percent of People with Each Score

Your Score History

You have not taken this quiz since the last reset